| 000 | 01749nam a2200385 a 4500 | ||
|---|---|---|---|
| 001 | 000038987 | ||
| 003 | 000038987 | ||
| 005 | 20180403151133.0 | ||
| 008 | 130510s1973 es 001 0 spa d | ||
| 020 | _a8439907753 | ||
| 040 |
_aBPMSU _bspa _cBPMSU |
||
| 082 |
_a972.93 _bD637h |
||
| 245 | 0 | 0 |
_aDocumentos para la historia de Santo Domingo / _cedición, prefacios, notas e índices Máximo Coiscou Henríquez. |
| 260 |
_aMadrid : _b[Rivadeneyra, _c1973]. |
||
| 300 |
_a2v. ; _c23 cm. |
||
| 500 | _aLa biblioteca posee v. 1 | ||
| 500 | _aEdición, prefacios, notas, índices, etcétera, del doctor Máximo Coiscou Henríquez, encargado de investigaciones históricas en archivos y bibliotecas de España y de Francia, profesor jubilado de historia de Santo Domingo y de metodología y crítica históricas de la Universidad de Santo Domingo, R.D. | ||
| 500 | _aIncluye referencias bibliográficas y notas al pie de las páginas | ||
| 504 | _aIncluye bibliografía y notas al pie de páginas. | ||
| 651 | 4 |
_aREPÚBLICA DOMINICANA _xHISTORIA |
|
| 651 | 4 |
_aISLA ESPAÑOLA (HAITI Y REPÚBLICA DOMINICANA) _xHISTORIA |
|
| 700 | 1 |
_aCoiscou Henríquez, Máximo, _ecomp. |
|
| 910 | _aValidado. Control de calidad EMS. | ||
| 942 |
_2ddc _cBK |
||
| 945 | _aRemanejado para la BNPHU | ||
| 956 |
_aDGARCIA _b10 _c20130510 _lBND01 _h0959 |
||
| 956 |
_aDGARCIA _b10 _c20130510 _lBND01 _h0959 |
||
| 956 |
_aKLANTIGUA _b10 _c20130528 _lBND01 _h1119 |
||
| 956 |
_aKLANTIGUA _b10 _c20130626 _lBND01 _h1107 |
||
| 956 |
_aEMARRERO _b40 _c20140423 _lBND01 _h0048 |
||
| 956 |
_aEMARRERO _b40 _c20140424 _lBND01 _h2310 |
||
| 956 |
_aEMARRERO _b40 _c20140424 _lBND01 _h2312 |
||
| 956 |
_aEMARRERO _b40 _c20140424 _lBND01 _h2314 |
||
| 956 |
_aEMARRERO _b40 _c20140424 _lBND01 _h2316 |
||
| 999 |
_c7186 _d7186 |
||